Loading...

India`s ancient past /

Bibliographic Details
Main Author: Sharma,, R. S
Format: Printed Book
Published: New York: Oxford university press, 2005.
Edition:1st ed.
Subjects:
LEADER 00577cam a2200181ua 4500
020 |a 019568785X 
082 |a 934  |b SHA/I 
100 0 |a Sharma,, R. S 
245 1 0 |a India`s ancient past /  
250 |a 1st ed. 
260 |a New York:  |b Oxford university press,  |c 2005. 
300 |a 387p.. 
500 |a Includes index. 
650 |a History of ancient India 
650 0 |a Ancient India 
942 |c BK 
999 |c 42108  |d 42108 
952 |0 0  |1 0  |4 0  |6 934_000000000000000_SHAI  |7 0  |8 Stack  |9 45736  |a KUCL  |b KUCL  |c Stack  |d 2016-10-06  |g 295.00  |l 4  |m 3  |o 934 SHA/I  |p 43476  |r 2020-07-06  |s 2020-02-05  |w 2016-10-06  |y BK